[Event "146 Stay Safe Play From Home series"]
[Site "T#646011Emanuel Laske"]
[Date "2020.05.13"]
[Round "5"]
[White "UHU4"]
[Black "Trotsky"]
[Result "1-0"]
[WhiteElo "1530"]
[BlackElo "1563"]
[Annotator "NA"]
[PlyCount "33"]
[EventDate "2020.05.13"]
[EventType "swiss (blitz)"]

1. e4 {[%emt 0:00:02] Trotsky reconnected. '} c5 {[%emt 0:00:07]} 2. Nf3 {[%emt 0:00:02]} e6 {[%emt 0:00:01]} 3. c4 {[%emt 0:00:01]} d5 {[%emt 0:00:01]} 4. cxd5 {[%emt 0:00:01]} exd5 {[%emt 0:00:01]} 5. exd5 {[%emt 0:00:00]} Bd6 {[%emt 0:00:01]} 6. d4 {[%emt 0:00:01]} c4 {[%emt 0:00:01]} 7. Nc3 {[%emt 0:00:02]} a6 {[%emt 0:00:01]} 8. Bxc4 {[%emt 0:00:01]} Qc7 {[%emt 0:00:01]} 9. Bd3 {[%emt 0:00:02]} Nf6 {[%emt 0:00:01]} 10. O-O {[%emt 0:00:01]} h5 {[%emt 0:00:03]} 11. Bg5 {[%emt 0:00:02]} Ng4 {[%emt 0:00:02]} 12. Re1+ {[%emt 0:00:02]} Kf8 {[%emt 0:00:02]} 13. Ne5 {[%emt 0:00:01]} f6 {[%emt 0:00:03]} 14. Ng6+ {[%emt 0:00:02]} Kg8 {[%emt 0:00:01]} 15. Nxh8 {[%emt 0:00:01]} Bxh2+ {[%emt 0:00:02]} 16. Kf1 {[%emt 0:00:07]} fxg5 {[%emt 0:00:03]} 17. Re8# {[%emt 0:00:01] (Lag: Av=3.68s, max=53.2s)} 1-0

[Event "146 Stay Safe Play From Home series"]
[Site "T#646011Emanuel Laske"]
[Date "2020.05.13"]
[Round "5"]
[White "Tobo Rubirosa"]
[Black "Little champs"]
[Result "0-1"]
[WhiteElo "1528"]
[BlackElo "2109"]
[Annotator "TA"]
[PlyCount "60"]
[EventDate "2020.05.13"]
[EventType "swiss (blitz)"]

{[%evp 9,60,0,44,21,21,18,31,11,21,19,20,15,29,0,16,14,35,36,50,0,63,63,64,67,70,33,38,33,31,29,31,31,42,39,78,27,62,31,70,73,94,36,164,172,177,122,165,164,151,126,210,210,199]} 1. Nf3 c6 2. d4 d5 3. c4 Nf6 4. Qc2 dxc4 5. Qxc4 Qd5 (5... Bf5 {seems wilder.} 6. Bf4 Nbd7 7. Nbd2 Nb6 8. Qb3 a5) 6. Qxd5 {D23: Queen's Gambit Accepted: 3 Nf3 Nf6 sidelines.} (6. Qa4 {feels hotter.} Nbd7 7. Nc3 Qf5 8. h3 Nd5 9. g4) 6... cxd5 7. Nc3 e6 8. Bg5 {White is slightly better.} a6 9. e3 Nc6 10. Bd3 {[#]} Be7 $146 ({Predecessor:} 10... Nb4 11. Bb1 Bd7 12. O-O h6 13. Bh4 Bd6 14. Rc1 O-O 15. a3 Nc6 16. b4 Rac8 {½-½ (42) Priehoda,V (2344)-Richterova,N (2212) Czech Republic 2019}) 11. a3 O-O 12. O-O Nd7 13. Bxe7 Nxe7 14. e4 b5 (14... dxe4 $11 15. Nxe4 (15. Bxe4 Nf6 $11) 15... Nb6) 15. exd5 $14 Nxd5 16. Nxd5 exd5 17. Ne5 Nxe5 18. dxe5 Be6 19. f4 g6 20. Rac1 Rfc8 21. Kf2 Kf8 22. Ke2 (22. Ke3 $16) 22... Ke7 23. Kd2 Rab8 24. Rxc8 Rxc8 {[%mdl 4096] Endgame KRB-KRB} 25. Rc1 Rb8 (25... Rxc1 $14 26. Kxc1 d4) 26. Rc7+ $18 Kd8 27. Rc5 ({White should try} 27. Ra7 $18) 27... Rb6 28. b4 Kd7 29. h4 h6 {[#]} (29... f6 $16 {might work better.}) 30. h5 $1 {[%mdl 512]} gxh5 {[%mdl 32768] Accuracy: White = 68%, Black = 58%. . Loss on time!?} 0-1

[Event "146 Stay Safe Play From Home series"]
[Site "T#646011Emanuel Laske"]
[Date "2020.05.13"]
[Round "6"]
[White "Lamborghini"]
[Black "Chessencounter"]
[Result "1-0"]
[WhiteElo "2306"]
[BlackElo "2215"]
[Annotator "TA"]
[PlyCount "109"]
[EventDate "2020.05.13"]
[EventType "swiss (blitz)"]

{[%evp 9,108,66,60,49,84,62,81,91,123,102,104,100,95,102,118,114,164,137,124,120,162,194,226,-40,202,106,257,127,194,187,322,318,450,466,593,455,440,213,536,339,2041,418,396,406,891,858,847,850,845,835,843,843,866,832,875,875,1056,1052,1263,1026,29979,29980,29979,29976,29966,5812,29980,29978,29988,29988,29988,29983,29988,29984,29984,29985,29989,29986,29986,29987,29990,29989,29989,29990,29990,29987,29987,29988,29988,29989,29991,29991,29992,29989,29999,29991,29998,29998,29998,29999,29999]} 1. e4 g6 2. d4 Bg7 3. Nc3 e6 4. Be3 Ne7 5. Qd2 d5 6. O-O-O {B06: Modern Defence.} h5 {[#]} 7. h3 $146 ({Predecessor:} 7. f3 Nd7 8. Kb1 Nf6 9. Bg5 c6 10. h4 b5 11. Qf4 Nd7 12. Bxe7 Qxe7 13. exd5 {1-0 (33) Strzemiecki,Z (2195)-Rajesh,V (2157) Belfort 2005}) 7... Nd7 8. Nf3 {White is better.} Nf6 9. Bd3 dxe4 10. Nxe4 ({But not} 10. Bxe4 $6 Nxe4 11. Nxe4 f6 $11) 10... Nxe4 11. Bxe4 c6 12. Kb1 Bd7 13. Bg5 f6 14. Be3 Qc7 15. Bf4 Qb6 16. Qd3 $2 ({White should try} 16. Bd6 $18) 16... O-O-O $2 {[#]} (16... f5 $15 {stays ahead.}) 17. Bxg6 ({White should play} 17. Nd2 $1 $18) 17... Rdg8 $2 (17... e5 $16 {was worth a try.}) 18. Rhe1 (18. Bf7 $18) 18... Bh6 (18... Nxg6 $16 {was called for.} 19. Qxg6 Bh6 20. Qxf6 Rf8 21. Qxh6 Rxh6 22. Bxh6 Rd8) 19. Bxh6 $18 Rxh6 (19... Rxg6 $142 20. Bf4 Rxg2) 20. Bf7 $1 {[%csl LRe6,LRg8][%mdl 64] Double Attack} Rxg2 (20... Rd8 {was necessary.} 21. Bxe6 Bxe6) 21. Bxe6 Qc7 22. Bxd7+ Qxd7 23. Qe3 (23. Qa3 $142 Rh7 24. Qxa7) 23... Rhg6 $2 (23... Rh7 {is more resistant.} 24. d5 cxd5 25. Qxa7 Nc6 26. Qa8+ Kc7) 24. Qxe7 Rxf2 $2 (24... Qxe7 25. Rxe7 Rxf2) 25. Qxd7+ (25. Qf8+ $142 Kc7 26. Re7 Qxe7 27. Qxe7+ Kb6 28. Qc5+ Ka6 29. d5) 25... Kxd7 26. Rd3 Rg3 {[#]} (26... Rgg2 $142 27. Rb3 b5) 27. Ne5+ $1 {[%mdl 64] Discovered Attack} fxe5 28. Rxg3 exd4 29. Rd3 c5 30. c3 Kc6 31. cxd4 c4 32. Rde3 b5 33. Re5 h4 34. Rh5 Rf4 35. Re6+ Kd7 36. Rg6 Rf7 37. Rhg5 (37. Rxb5 $142 Kd8 38. Rh5 Ke8 39. Rxh4 c3 40. bxc3 a5 41. Rh8+ Ke7 42. Ra6 Rf1+ 43. Kc2) 37... b4 38. Rg7 {White mates.} Ke6 39. Rxf7 Kxf7 {[%mdl 4096] Endgame KR-KP} 40. Rc5 Kf6 41. Rxc4 {KR-K3P} Kf5 42. d5 a5 43. Rxh4 {KR-KPP} Ke5 {[#]} 44. Rd4 $3 Kd6 (44... Kxd4 45. d6) 45. h4 Ke5 {[#]} 46. h5 $1 Kxd4 {KP-KP} 47. h6 Ke5 48. h7 Kxd5 49. h8=Q Kc5 50. Qf6 Kb5 51. Qf3 Ka4 52. b3+ Ka3 53. Qf7 a4 54. Qf6 {[%csl Gb1][%cal Rf6b2]} axb3 55. Qa6# {Accuracy: White = 41%, Black = 26%.} 1-0

[Event "146 Stay Safe Play From Home series"]
[Site "T#646011Emanuel Laske"]
[Date "2020.05.13"]
[Round "6"]
[White "Tolka"]
[Black "Lazieri3"]
[Result "1-0"]
[WhiteElo "2246"]
[BlackElo "2028"]
[Annotator "RC"]
[PlyCount "83"]
[EventDate "2020.05.13"]
[EventType "swiss (blitz)"]

1. d3 {[%emt 0:00:03]} c6 {[%emt 0:00:00]} 2. Nf3 {[%emt 0:00:01]} d5 {[%emt 0:00:00]} 3. Nbd2 {[%emt 0:00:01]} Nf6 {[%emt 0:00:00]} 4. e4 {[%emt 0:00:00]} dxe4 {[%emt 0:00:02]} 5. dxe4 {[%emt 0:00:00]} Bg4 {[%emt 0:00:01]} 6. Be2 {[%emt 0:00:01]} e6 {[%emt 0:00:01]} 7. O-O {[%emt 0:00:01]} Nbd7 {[%emt 0:00:01]} 8. c3 {[%emt 0:00:00]} h6 {[%emt 0:00:01]} 9. Qc2 {[%emt 0:00:01]} Qc7 {[%emt 0:00:01]} 10. Nc4 {[%emt 0:00:01]} b5 {[%emt 0:00:02]} 11. Ne3 {[%emt 0:00:01]} Ne5 {[%emt 0:00:01]} 12. Nxe5 {[%emt 0:00:02]} Qxe5 {[%emt 0:00:00]} 13. Bxg4 {[%emt 0:00:02]} Nxg4 {[%emt 0:00:00]} 14. Nxg4 {[%emt 0:00:00]} Qc7 {[%emt 0:00:01]} 15. f4 {[%emt 0:00:06]} Bc5+ {[%emt 0:00:02]} 16. Be3 {[%emt 0:00:01]} Qb6 {[%emt 0:00:01]} 17. Bxc5 {[%emt 0:00:01]} Qxc5+ {[%emt 0:00:00]} 18. Qf2 {[%emt 0:00:00]} Qe7 {[%emt 0:00:03]} 19. e5 {[%emt 0:00:01]} O-O {[%emt 0:00:01]} 20. Rad1 {[%emt 0:00:00]} Rfd8 {[%emt 0:00:02]} 21. h3 {[%emt 0:00:03]} b4 {[%emt 0:00:01]} 22. Qg3 {[%emt 0:00:02]} bxc3 {[%emt 0:00:01]} 23. bxc3 {[%emt 0:00:00]} Kh8 {[%emt 0:00:01]} 24. Kh2 {[%emt 0:00:02]} Rd5 {[%emt 0:00:01]} 25. c4 {[%emt 0:00:01]} Rc5 {[%emt 0:00:02]} 26. Qd3 {[%emt 0:00:02]} Rb8 {[%emt 0:00:03]} 27. Rb1 {[%emt 0:00:01]} Qc7 {[%emt 0:00:04]} 28. Qd6 {[%emt 0:00:02]} Qxd6 {[%emt 0:00:05]} 29. exd6 {[%emt 0:00:00]} Rd8 {[%emt 0:00:01]} 30. Rfd1 {[%emt 0:00:01]} Rxc4 {[%emt 0:00:01]} 31. Ne5 {[%emt 0:00:01]} Rc2 {[%emt 0:00:02]} 32. Nxf7+ {[%emt 0:00:02]} Kh7 {[%emt 0:00:01]} 33. Nxd8 {[%emt 0:00:00]} Rxa2 {[%emt 0:00:01]} 34. Nxe6 {[%emt 0:00:01]} Kg6 {[%emt 0:00:01]} 35. d7 {[%emt 0:00:01]} Rd2 {[%emt 0:00:03]} 36. Rxd2 {[%emt 0:00:01]} a5 {[%emt 0:00:01]} 37. Re1 {[%emt 0:00:01]} a4 {[%emt 0:00:00]} 38. d8=Q {[%emt 0:00:01]} a3 {[%emt 0:00:00]} 39. Qf8 {[%emt 0:00:01]} a2 {[%emt 0:00:00]} 40. Qxg7+ {[%emt 0:00:00]} Kh5 {[%emt 0:00:01]} 41. g4+ {[%emt 0:00:01]} Kh4 {[%emt 0:00:01]} 42. Qxh6# {[%emt 0:00:00] (Lag: Av=0.36s, max=0.7s)} 1-0

[Event "146 Stay Safe Play From Home series"]
[Site "T#646011Emanuel Laske"]
[Date "2020.05.13"]
[Round "6"]
[White "Mepe_Nika"]
[Black "Fischer_11"]
[Result "1-0"]
[WhiteElo "2245"]
[BlackElo "1958"]
[Annotator "TA"]
[PlyCount "97"]
[EventDate "2020.05.13"]
[EventType "swiss (blitz)"]

{[%evp 10,97,47,42,68,44,57,41,52,44,42,47,154,100,120,125,175,91,100,24,23,27,60,43,31,29,50,54,39,25,22,16,16,0,0,0,6,0,0,0,0,0,25,22,22,28,43,0,14,14,22,0,9,0,0,0,12,0,0,0,0,0,0,0,6,0,879,861,353,124,124,125,1944,0,0,0,0,0,12833,12833,12839,1886,1706,0,0,0,12847,12847,12847,0]} 1. d4 e5 2. dxe5 Nc6 3. g3 Qe7 4. Nf3 Nxe5 5. Nxe5 Qxe5 6. Bg2 c6 {A40: Unusual replies to 1 d4.} 7. O-O d5 8. Nd2 Nf6 {White is slightly better.} 9. c4 {[#]} dxc4 $146 ({Predecessor:} 9... Be7 10. cxd5 Nxd5 11. e4 Nf6 12. Nc4 Qc5 13. b3 O-O 14. Ba3 Qxa3 15. Nxa3 Bxa3 {1-0 (26) Schechter,D (2082)-Suess,S (1863) Bayern 2008}) 10. Nxc4 Qh5 (10... Qe6 $14 11. Qd4 Be7) 11. Nd6+ (11. Qa4 $142 $1) 11... Bxd6 $16 12. Qxd6 {Hoping for Bxc6+!} Be6 13. Bf4 (13. Rd1 $1 $18) 13... Rd8 14. Qe5 (14. Qa3 $16) 14... Qxe5 $11 15. Bxe5 Ke7 16. Rfd1 Rxd1+ 17. Rxd1 Rd8 18. Rxd8 Kxd8 $14 {[%mdl 4096] Endgame KBB-KBN} 19. a3 (19. a4 {with more complications.} Kd7 20. a5 b6 21. Bb8 bxa5 22. Bxa7 a4 23. Bd4) 19... Kd7 20. Bxf6 gxf6 $11 {KB-KB} 21. f4 f5 22. Kf2 Kd6 23. Ke3 Kc5 24. Kd3 Bc4+ 25. Kd2 Kd4 26. e3+ Kc5 27. Bh3 Be6 28. Kc3 (28. e4 $5) 28... Kd5 29. Bg2+ Kc5 30. Bf3 a5 31. b4+ axb4+ 32. axb4+ Kb5 33. e4 fxe4 34. Bxe4 h6 $1 35. f5 Ba2 36. f6 Be6 37. h4 h5 $2 {[%mdl 8192]} (37... Kb6 $11) 38. Bf3 $18 c5 39. bxc5 $2 (39. Bxh5 $18 {And now Be2+ would win.} cxb4+ 40. Kd4) 39... Kxc5 $16 40. Bxh5 b5 $2 {[%mdl 8192]} (40... Kd5 $16) 41. Be2 $2 (41. g4 $1 $18 {[%cal Rg4g5] Threatens to win with g5.} b4+ 42. Kb2) 41... b4+ $11 42. Kb2 Kd5 43. g4 Ke5 $2 {[%mdl 8192]} (43... Bxg4 $11 44. Bxg4 Ke5) 44. g5 $18 Kf5 45. Bh5 (45. Bd1 $142 Bd7 46. Bg4+ $1 {[%mdl 576] Promotion} Kxg4 47. g6 $1 {[%mdl 512]}) 45... Kf4 {[#]} 46. g6 $2 ({White has to play} 46. Bd1 $1 $18 Ke5 47. Bb3) 46... fxg6 $11 47. Bxg6 Kg3 $2 {[%mdl 8192]} (47... Bf7 $11) 48. h5 $18 Kh4 49. Bf5 $2 {[%mdl 32768] Accuracy: White = 65%, Black = 68%. . Loss on time!?} (49. h6 $18 Kg5 50. h7 Kxf6 51. h8=Q+ Kxg6 52. Qe5) 1-0

[Event "146 Stay Safe Play From Home series"]
[Site "T#646011Emanuel Laske"]
[Date "2020.05.13"]
[Round "6"]
[White "Little champs"]
[Black "Ionutn28"]
[Result "1-0"]
[WhiteElo "2110"]
[BlackElo "1809"]
[Annotator "TA"]
[PlyCount "57"]
[EventDate "2020.05.13"]
[EventType "swiss (blitz)"]

{[%evp 9,56,-125,-69,-72,-46,-69,-57,-118,-75,-76,-66,-93,-70,-60,-50,-122,50,53,57,50,51,38,109,-45,109,100,173,185,164,62,64,-434,-223,-233,0,-2120,200,-29989,-29990,-29990,3511,-434,277,-436,-436,-629,1395,1336,29999]} 1. d4 d5 2. e3 Nf6 3. Qd3 e6 4. f3 Bd6 {[#]} 5. c4 $146 ({Predecessor:} 5. a3 Nc6 6. Nd2 e5 7. Ne2 O-O 8. b3 exd4 9. Nxd4 Nxd4 10. Qxd4 Re8 11. e4 Nh5 12. g3 Qf6 13. Qa4 Qxa1 14. Qxe8+ Bf8 15. Kd1 {0-1 (15) Luscomb,D (851)-Pepper,W (1150) Norman 2004}) 5... c6 (5... c5 $17 6. Ne2 Nc6) 6. Nc3 {D00: 1 d4 d5: Unusual lines.} Nbd7 7. Qc2 O-O 8. g4 (8. cxd5 $15 Nxd5 9. Nxd5 exd5 10. Bd3) 8... dxc4 9. Bxc4 e5 10. Bd3 exd4 11. exd4 Re8+ 12. Kf1 (12. Nge2 $15) 12... Nd5 $2 ({Black should play} 12... h6 $17 13. h4 c5) 13. Nxd5 $14 cxd5 14. Bxh7+ Kh8 15. Bd3 $1 Nf6 (15... Nf8 $14) 16. Bg5 $2 ({Better is} 16. Kg2 $16) 16... Qb6 $2 (16... Nxg4 $1 $15 17. Bxd8 Ne3+ {[%mdl 64] Double Attack} 18. Kf2 Nxc2 19. Bxc2 Rxd8) 17. Ne2 $16 Nxg4 (17... Bd7 $16) 18. fxg4 $18 Bxg4 19. Re1 (19. Rg1 $18 Rxe2 20. Bxe2 Bh3+ 21. Rg2 Qxd4 22. Bf3) 19... Bb4 $1 $14 {[%cal Rb4e1]} 20. Nc3 $2 {[%mdl 8192]} (20. Rg1 $1 $14 {stays ahead.} Bh3+ 21. Kf2) 20... Rxe1+ (20... Bh3+ $142 21. Kf2 Qxd4+ 22. Re3 Rxe3 {[%mdl 64] Overworked Piece} 23. Bxe3 Qh4+ 24. Ke2 Qg4+ 25. Ke1 Qf3) 21. Kxe1 $19 {[#] Threatens to win with Qf2.} Re8+ $2 ({Black should try} 21... Qxd4 $19 22. Kd2 Qe5) 22. Kf1 $2 {[%mdl 8192]} (22. Kd2 $11) 22... Qe6 $4 {[%mdl 8192]} (22... Bh3+ $19 23. Qg2 Qe6) 23. Qf2 $4 {[%mdl 8192]} (23. Kf2 $18) 23... Bh3+ 24. Kg1 Bxc3 $4 {[%mdl 8192]} (24... Qg4+ {and life is good for Black.} 25. Qg3 Qxd4+ {[%mdl 64] Double Attack} 26. Be3 Rxe3 {[%mdl 64] Double Attack} 27. Qxh3+ {[%mdl 64] Remove Defender} Rxh3+ {[%mdl 64] Discovered Attack} 28. Kg2 Qg4+ 29. Kf2 Rxd3 30. Rf1 Bxc3 31. bxc3 Rd2+ {[%mdl 64] Double Attack} 32. Ke3 Re2+ 33. Kd3 Qe4#) 25. bxc3 $4 {[%mdl 8192]} (25. Qh4+ $18 Qh6 26. Bxh6) 25... f6 $4 {[%mdl 8192]} (25... Qg4+ $19 {and all is fine.} 26. Qg3 Re1+ 27. Kf2 Rxh1 28. Qxg4 Bxg4) 26. Bf4 $4 {[%mdl 8192] [#]} (26. Qh4+ $18 {was the only winning move.} Kg8 27. Qh7+ Kf8 28. Qh8+ Kf7 29. Qh5+ Ke7 30. Bd2) 26... Qg4+ $1 27. Bg3 (27. Qg3 $142 Re1+ 28. Kf2 Rxh1 29. Qxg4 Bxg4 30. Bf1) 27... Re1+ $4 {[%mdl 8192]} (27... Qd1+ $19 28. Bf1 Kg8) 28. Qxe1 $18 {[%cal Re1e8]} Qf3 29. Qe8# {Accuracy: White = 33%, Black = 23%.} 1-0

[Event "146 Stay Safe Play From Home series"]
[Site "T#646011Emanuel Laske"]
[Date "2020.05.13"]
[Round "6"]
[White "SoulofWolf"]
[Black "Rohit2007"]
[Result "0-1"]
[WhiteElo "2083"]
[BlackElo "2255"]
[Annotator "RC"]
[PlyCount "106"]
[EventDate "2020.05.13"]
[EventType "swiss (blitz)"]

1. d4 {[%emt 0:00:00]} Nf6 {[%emt 0:00:03]} 2. Nf3 {[%emt 0:00:00]} e6 {[%emt 0:00:01]} 3. c4 {[%emt 0:00:01]} d5 {[%emt 0:00:00]} 4. Nc3 {[%emt 0:00:00]} dxc4 {[%emt 0:00:00]} 5. a4 {[%emt 0:00:01]} c5 {[%emt 0:00:00]} 6. e3 {[%emt 0:00:01]} cxd4 {[%emt 0:00:00]} 7. exd4 {[%emt 0:00:00]} Nc6 {[%emt 0:00:01]} 8. Bxc4 {[%emt 0:00:01]} Bb4 {[%emt 0:00:00]} 9. Be3 {[%emt 0:00:01]} O-O {[%emt 0:00:01]} 10. O-O {[%emt 0:00:00]} Nd5 {[%emt 0:00:01]} 11. Qb3 {[%emt 0:00:02]} Bxc3 {[%emt 0:00:01]} 12. bxc3 {[%emt 0:00:01]} Na5 {[%emt 0:00:00]} 13. Qa2 {[%emt 0:00:01]} Nxc4 {[%emt 0:00:00]} 14. Qxc4 {[%emt 0:00:00]} Nxe3 {[%emt 0:00:01]} 15. fxe3 {[%emt 0:00:00]} Qd5 {[%emt 0:00:01]} 16. Qd3 {[%emt 0:00:01]} e5 {[%emt 0:00:01]} 17. Nxe5 {[%emt 0:00:02]} g6 {[%emt 0:00:00]} 18. Nf3 {[%emt 0:00:01]} Bf5 {[%emt 0:00:01]} 19. Qd2 {[%emt 0:00:02]} Be4 {[%emt 0:00:01]} 20. Rac1 {[%emt 0:00:02]} Rac8 {[%emt 0:00:01]} 21. Ne5 {[%emt 0:00:02]} f6 {[%emt 0:00:01]} 22. c4 {[%emt 0:00:01]} Qe6 {[%emt 0:00:02]} 23. Nf3 {[%emt 0:00:07]} Rxc4 {[%emt 0:00:01]} 24. Rxc4 {[%emt 0:00:04]} Qxc4 {[%emt 0:00:00]} 25. Rd1 {[%emt 0:00:02]} Qxa4 {[%emt 0:00:01]} 26. d5 {[%emt 0:00:01]} Bxf3 {[%emt 0:00:01]} 27. gxf3 {[%emt 0:00:00]} Rd8 {[%emt 0:00:02]} 28. d6 {[%emt 0:00:00]} Rd7 {[%emt 0:00:01]} 29. Qd5+ {[%emt 0:00:01]} Kg7 {[%emt 0:00:01]} 30. Kf2 {[%emt 0:00:01]} Qc6 {[%emt 0:00:01]} 31. Rd2 {[%emt 0:00:00]} Qxd5 {[%emt 0:00:01]} 32. Rxd5 {[%emt 0:00:00]} Kf7 {[%emt 0:00:00]} 33. e4 {[%emt 0:00:01]} Ke6 {[%emt 0:00:00]} 34. Rb5 {[%emt 0:00:01]} Kxd6 {[%emt 0:00:01]} 35. Ra5 {[%emt 0:00:01]} a6 {[%emt 0:00:01]} 36. Ra2 {[%emt 0:00:01]} Ke5 {[%emt 0:00:02]} 37. Ke3 {[%emt 0:00:00]} g5 {[%emt 0:00:01]} 38. Ra5+ {[%emt 0:00:01]} Ke6 {[%emt 0:00:01]} 39. h3 {[%emt 0:00:01]} Rd6 {[%emt 0:00:01]} 40. Rc5 {[%emt 0:00:01]} b5 {[%emt 0:00:01]} 41. Rc7 {[%emt 0:00:01]} Rb6 {[%emt 0:00:01]} 42. Rxh7 {[%emt 0:00:01]} b4 {[%emt 0:00:01]} 43. Rc7 {[%emt 0:00:01]} b3 {[%emt 0:00:01]} 44. Rc1 {[%emt 0:00:00]} b2 {[%emt 0:00:00]} 45. Rb1 {[%emt 0:00:00]} a5 {[%emt 0:00:01]} 46. Kd3 {[%emt 0:00:00]} a4 {[%emt 0:00:00]} 47. Kc3 {[%emt 0:00:00]} a3 {[%emt 0:00:00]} 48. f4 {[%emt 0:00:01]} a2 {[%emt 0:00:01]} 49. f5+ {[%emt 0:00:00]} Ke5 {[%emt 0:00:01]} 50. Rxb2 {[%emt 0:00:01]} a1=Q {[%emt 0:00:03]} 51. Kd3 {[%emt 0:00:00]} Qxb2 {[%emt 0:00:01]} 52. Ke3 {[%emt 0:00:00]} Qc3+ {[%emt 0:00:01]} 53. Kf2 {[%emt 0:00:00]} Rb2+ {[%emt 0:00:00] SoulofWolf poddaje siê (Lag: Av=0.32s, max=1.0s)} 0-1

[Event "146 Stay Safe Play From Home series"]
[Site "T#646011Emanuel Laske"]
[Date "2020.05.13"]
[Round "6"]
[White "Don59as"]
[Black "Onlyforchess"]
[Result "0-1"]
[WhiteElo "2048"]
[BlackElo "2532"]
[Annotator "TA"]
[PlyCount "80"]
[EventDate "2020.05.13"]
[EventType "swiss (blitz)"]

{[%evp 17,80,0,0,0,8,0,2,11,62,56,77,78,70,56,58,60,63,67,61,64,68,78,74,66,72,22,27,25,256,0,7,-154,-172,-372,-369,-355,-352,-577,-508,-924,-910,-901,-861,-892,-884,-882,-880,-847,-808,-900,-991,-975,-961,-1049,-696,-2087,-1309,-29987,-29988,-29987,-29986,-29995,-29996,-29998,-29998]} 1. c4 c5 2. Nc3 Nc6 3. g3 e5 4. Bg2 d6 5. e3 Nge7 6. Nge2 g6 7. O-O Bg7 8. b3 O-O 9. Bb2 Be6 10. Nd5 {A36: Symmetrical English vs ...g6: 4 Bg2 Bg7.} Bxd5 11. cxd5 Nb4 12. e4 {The position is equal.} f5 (12... Nd3 $11) 13. d3 $14 f4 {[#] Threatens to win with ...f3.} 14. gxf4 $146 ({Predecessor:} 14. Nc3 g5 15. a3 Na6 16. Rb1 Nc7 17. b4 cxb4 18. axb4 Qe8 19. g4 Nb5 20. Nxb5 Qxb5 {0-1 (54) Malicki,R (1420)-Vokroj,G (1855) Hamburg 2011}) 14... exf4 15. Bxg7 Kxg7 16. f3 g5 17. d4 Ng6 18. dxc5 dxc5 19. a3 Na6 20. Rc1 Ne5 21. Nc3 b6 22. Bh3 Nc7 $2 {[#]} (22... Rf6 $11 {and Black is okay.}) 23. Bf5 $2 (23. d6 $18) 23... Ne8 $11 24. d6 $2 ({White should play} 24. Kh1 $11) 24... Nxd6 $17 25. Nd5 $2 (25. Bh3) 25... Nxf5 $19 26. exf5 Rxf5 27. Kf2 $2 (27. Re1 {was worth a try.}) 27... Qd6 28. Re1 (28. Kg1 $142 Nxf3+ 29. Qxf3 Rxd5 30. Rce1) 28... Rd8 29. Nc3 Nd3+ 30. Kg2 Nxe1+ 31. Qxe1 Qd2+ 32. Qxd2 Rxd2+ {[%mdl 4096] Endgame KRR-KRN} 33. Kh3 h5 34. Ne4 Re2 35. Nc3 Rfe5 36. Rg1 R2e3 37. Kg2 Rxc3 {Black mates.} 38. Rd1 Rc2+ 39. Kh3 Ree2 {[%csl Gc2][%cal Re2h2]} 40. Rh1 Kg6 {Accuracy: White = 39%, Black = 66%.} 0-1

[Event "146 Stay Safe Play From Home series"]
[Site "T#646011Emanuel Laske"]
[Date "2020.05.13"]
[Round "6"]
[White "Haxhi Baha"]
[Black "Nagaram"]
[Result "1-0"]
[WhiteElo "1971"]
[BlackElo "1596"]
[PlyCount "33"]
[EventDate "2020.05.13"]
[EventType "swiss (blitz)"]

1. e4 {[%emt 0:00:01]} e5 {[%emt 0:00:01]} 2. Nf3 {[%emt 0:00:02]} Nc6 {[%emt 0:00:01]} 3. Bc4 {[%emt 0:00:01]} Nf6 {[%emt 0:00:01]} 4. d3 {[%emt 0:00:01]} Bc5 {[%emt 0:00:01]} 5. Bg5 {[%emt 0:00:01]} d6 {[%emt 0:00:01]} 6. c3 {[%emt 0:00:01]} Bg4 {[%emt 0:00:01]} 7. b4 {[%emt 0:00:01]} Bb6 {[%emt 0:00:01]} 8. Nbd2 {[%emt 0:00:01]} a5 {[%emt 0:00:01]} 9. b5 {[%emt 0:00:01]} Na7 {[%emt 0:00:01]} 10. h3 {[%emt 0:00:00]} c6 {[%emt 0:00:01]} 11. hxg4 {[%emt 0:00:02]} cxb5 {[%emt 0:00:02]} 12. Bd5 {[%emt 0:00:02]} Rb8 {[%emt 0:00:03]} 13. Rb1 {[%emt 0:00:01]} h6 {[%emt 0:00:01]} 14. Bxf6 {[%emt 0:00:01]} Qxf6 {[%emt 0:00:01]} 15. Qe2 {[%emt 0:00:01]} Nc6 {[%emt 0:00:03]} 16. Rxb5 {[%emt 0:00:02]} g5 {[%emt 0:00:02]} 17. Rxb6 {[%emt 0:00:01] Nagaram resigns (Lag: Av=1.10s, max=4.2s)} 1-0